000 00641nam a22001577a 4500
003 macl
005 20200308173854.0
008 200308b xxu||||| |||| 00| 0 eng d
040 _cmacl
082 _a001
100 _aदृष्टि प्रकाशन
_969877
245 _aसामान्‍य विज्ञान IAS,PCS सहित अन्‍य एकदिवसीय परीक्षा (NDA,CDS,CAPF,SSC,UPSSSC,UGC-NET इत्‍यादि)
260 _aदृष्टि प्रकाशन
_bदिल्‍ली
650 _aसामान्‍य विज्ञान
_972386
942 _2ddc
_cHIN
999 _c62364
_d62364